000 00723nam a2200265Ia 4500
003 OSt
005 20220918164025.0
006 a|||||r|||| 00| 0
007 ta
008 220917b |||||||| |||| 00| 0 eng d
020 _a0415020743 (hbk)
024 _a20,533
037 _cTextual
040 _aARTS
_cARTS
_beng
041 _2eng
_aeng
082 _aO111,1M85:g, N0
100 _aRuthven K. K
_916710
245 0 _aEzra Pound as literary critic
260 _aNew York
_bRoutledge
_c1990
300 _axvi,191p.
_ccm.
500 _aBibliography 171-79p; Includes index
650 _aENGLISH LITERATURE
942 _hO111,1M85:g, N0
_cTEXL
_2CC
999 _c122719
_d122719